Información básica de la Región del Pacífico Seco (Santa Cruz, Carrillo, Liberia, Bagaces, Cañas, Abangares)

Guardat en:
Dades bibliogràfiques
Autor corporatiu: Costa Rica. Oficina de Planificación Sectorial Agropecuaria. Programa Fomento Algodonero
Format: Text
Publicat: San José: OFIPLAN. OPSA. Programa Algodonero
Etiquetes: Afegir etiqueta
Sense etiquetes, Sigues el primer a etiquetar aquest registre!

MARC

LEADER 00000 a a2200000 04500
001 15328
003
040
090 |a 026100  
110 |a Costa Rica. Oficina de Planificación Sectorial Agropecuaria. Programa Fomento Algodonero  
245 |a Información básica de la Región del Pacífico Seco (Santa Cruz, Carrillo, Liberia, Bagaces, Cañas, Abangares)  
260 |a San José:   |b OFIPLAN. OPSA. Programa Algodonero  
300 |a 22 p.  
999 |c 14182  |d 14182